[Event "Mittelfrankenliga 05/06 (B2b)"]
[Site "Mfr.2005/06-R1"]
[Date "2005.10.16"]
[Round "1.3"]
[White "Boese, Klaus"]
[Black "Pfeiffer, Georg"]
[Result "1-0"]
[WhiteElo "2020"]
[BlackElo "1911"]
[Annotator "Postbauer2-Bechhofen1"]
[PlyCount "89"]
[EventDate "2005.10.16"]
[SourceDate "2005.10.17"]

1. d4 Nf6 2. Bf4 d5 3. e3 e6 4. Nf3 Be7 5. Bd3 Nbd7 6. Nbd2 c5 7. c3 b6 8. Qe2
Bb7 9. h3 O-O 10. O-O c4 11. Bc2 b5 12. a3 a5 13. Ne5 b4 14. axb4 axb4 15. e4
b3 16. Rxa8 Qxa8 17. Nxd7 Nxd7 18. Bb1 Nb6 19. e5 Na4 20. Nf3 Rc8 21. Nh2 Qa5
22. Qd2 Qd8 23. Be3 Nb6 24. f4 f5 25. exf6 Bxf6 26. Qe2 g6 27. Bc1 Qd6 28. Ng4
Bg7 29. Re1 Kf7 30. Qf2 Kg8 31. Qh4 Rf8 32. Qg5 Nd7 33. h4 Nf6 34. Nxf6+ Rxf6
35. h5 gxh5 36. Qxh5 Rh6 37. Qe8+ Qf8 38. Qxf8+ Kxf8 39. f5 Rf6 40. fxe6 Bc8
41. e7+ Ke8 42. Bxh7 Re6 43. Rxe6 Bxe6 44. Bg5 Kf7 45. Bg8+ 1-0

[Event "Mittelfrankenliga 05/06 (B2b)"]
[Site "Mfr.2005/06-R1"]
[Date "2005.10.16"]
[Round "1.4"]
[White "Mueller, Rudolf[31]"]
[Black "Kaiser, Harald[66]"]
[Result "1/2-1/2"]
[WhiteElo "1889"]
[BlackElo "1873"]
[Annotator "Postbauer2-Bechhofen1"]
[PlyCount "107"]
[EventDate "2005.10.16"]
[SourceDate "2005.10.17"]

1. d4 Nf6 2. Nf3 c5 3. e3 cxd4 4. exd4 d5 5. Bd3 g6 6. Nbd2 Nc6 7. c3 Bg7 8.
O-O O-O 9. h3 Re8 10. Re1 Nh5 11. Ne5 Nxe5 12. dxe5 Nf4 13. Bf1 Ne6 14. Nb3 a6
15. a4 b6 16. a5 b5 17. f4 Bb7 18. Be3 Rc8 19. Bb6 Qd7 20. g3 Nf8 21. Nd4 e6
22. Qd2 Qe7 23. Nb3 Nd7 24. Bd4 Bf8 25. Rac1 Qd8 26. Kh2 Nc5 27. Nxc5 Bxc5 28.
b4 Bf8 29. Bd3 Rc6 30. Qf2 Bc8 31. g4 Be7 32. g5 Kg7 33. Rg1 Rg8 34. h4 Kf8 35.
Bb6 Qd7 36. Qf3 Bd8 37. Bd4 Be7 38. h5 Ke8 39. hxg6 hxg6 40. Qh3 Bb7 41. Qh7
Rf8 42. Kg3 Kd8 43. Rh1 Qe8 44. Rc2 Kd7 45. Rch2 Rc8 46. Qh3 Bc6 47. Qf1 Rg8
48. Qf2 Bb7 49. Kg4 Qf8 50. Rh7 Qe8 51. Qe2 Bc6 52. Qe3 Bb7 53. Bb1 Qf8 54. Qh3
1/2-1/2

[Event "Mittelfrankenliga 05/06 (B2b)"]
[Site "Mfr.2005/06-R1"]
[Date "2005.10.16"]
[Round "1.5"]
[White "Wind, Patrick"]
[Black "Stuermer, Martin"]
[Result "1/2-1/2"]
[WhiteElo "1872"]
[BlackElo "1857"]
[Annotator "Postbauer2-Bechhofen1"]
[PlyCount "143"]
[EventDate "2005.10.16"]
[SourceDate "2005.10.17"]

1. c4 c5 2. Nc3 Nc6 3. g3 Nf6 4. Bg2 g6 5. e4 d6 6. Nge2 Bg7 7. O-O O-O 8. d3
Bd7 9. h3 a6 10. a3 Rb8 11. Rb1 Qc8 12. Kh2 e6 13. Be3 Ne5 14. Qd2 Bc6 15. f4
Ned7 16. d4 b6 17. e5 Ne8 18. d5 exd5 19. cxd5 Ba8 20. e6 fxe6 21. dxe6 Ndf6
22. Bxa8 Rxa8 23. Nd5 Nxd5 24. Qxd5 Rf5 25. Qf3 Rf6 26. Nc3 Nc7 27. e7 Qe8 28.
Rbe1 Ra7 29. Bc1 Kh8 30. Rf2 d5 31. Nxd5 Nxd5 32. Qxd5 Rxe7 33. Rxe7 Qxe7 34.
Qa8+ Rf8 35. Qxa6 Bd4 36. Re2 Qc7 37. Qd3 Rd8 38. Qe4 Qd7 39. b3 Qb5 40. Qe6
Qd3 41. Bb2 Bxb2 42. Rxb2 Qc3 43. Qe5+ Qxe5 44. fxe5 Kg7 45. Re2 Rd3 46. e6 Kf8
47. e7+ Ke8 48. Rb2 Kxe7 49. Kg2 Kd6 50. Kf2 Kc6 51. a4 g5 52. Rb1 h5 53. Rb2
h4 54. gxh4 gxh4 55. Kg2 Kd5 56. Rb1 Kd4 57. Rf1 Rxb3 58. Rf4+ Kc3 59. Rxh4 Rb4
60. Rh6 Kb3 61. h4 c4 62. h5 c3 63. Rc6 Rc4 64. Rxc4 Kxc4 65. h6 c2 66. h7 c1=Q
67. h8=Q Qc2+ 68. Kf1 Qd1+ 69. Kg2 Qxa4 70. Qg8+ Kb4 71. Qf8+ Kb3 72. Qf3+
1/2-1/2

[Event "Mittelfrankenliga 05/06 (B2b)"]
[Site "Mfr.2005/06-R1"]
[Date "2005.10.16"]
[Round "1.6"]
[White "Naegelein, Albert Franz"]
[Black "Lutz, Rainer"]
[Result "1-0"]
[WhiteElo "1836"]
[BlackElo "1834"]
[Annotator "Postbauer2-Bechhofen1"]
[PlyCount "97"]
[EventDate "2005.10.16"]
[SourceDate "2005.10.17"]

1. e4 c5 2. Nf3 e6 3. b3 a6 4. Bb2 b5 5. a4 b4 6. d4 cxd4 7. Nxd4 Bb7 8. Nd2
Nf6 9. f3 Bc5 10. Nc4 Nc6 11. Nxc6 Bxc6 12. Nd6+ Kf8 13. Qd2 Qb6 14. Nc4 Qc7
15. O-O-O d5 16. exd5 Nxd5 17. Qg5 f6 18. Qg4 Kf7 19. Re1 Qf4+ 20. Qxf4 Nxf4
21. Nd2 Bf2 22. Rd1 Rhd8 23. g3 Be3 24. gxf4 Bxf3 25. Bd3 Bxh1 26. Rxh1 Rac8
27. Kd1 Bxf4 28. Nc4 Rc5 29. Bc1 Bc7 30. Be3 Rh5 31. h3 g5 32. Ke2 f5 33. Kf2
Kf6 34. Kg2 e5 35. Rf1 f4 36. Be2 Rh6 37. Bc5 a5 38. Bd3 Kg7 39. Nd2 Rc6 40.
Ne4 h6 41. Kf3 Bb8 42. h4 Rg6 43. hxg5 hxg5 44. Rg1 Kh6 45. Kg4 Re8 46. Rh1+
Kg7 47. Nxg5 e4 48. Rh7+ Kf6 49. Bd4+ 1-0

[Event "Mittelfrankenliga 05/06 (B2b)"]
[Site "Mfr.2005/06-R1"]
[Date "2005.10.16"]
[Round "1.7"]
[White "Kurz, Christian"]
[Black "Kordts, Florian"]
[Result "1-0"]
[WhiteElo "1679"]
[BlackElo "1693"]
[Annotator "Postbauer2-Bechhofen1"]
[PlyCount "80"]
[EventDate "2005.10.16"]
[SourceDate "2005.10.17"]

1. e4 c5 2. Nf3 Nc6 3. d4 cxd4 4. Nxd4 g6 5. Be3 Bg7 6. Nc3 Nf6 7. f3 O-O 8.
Nb3 d6 9. Qd2 Be6 10. g4 Ne5 11. Be2 Nc4 12. Bxc4 Bxc4 13. O-O-O b5 14. Bh6 a5
15. Bxg7 Kxg7 16. Qd4 Kg8 17. h4 Qc7 18. h5 Rfc8 19. Rd2 a4 20. Na1 b4 21. Nd5
Bxd5 22. exd5 Qc4 23. Kb1 a3 24. hxg6 fxg6 25. Nb3 axb2 26. Qxc4 Rxc4 27. Kxb2
Rf4 28. Rd3 Rc8 29. Nd4 Nxd5 30. Ne2 Rfc4 31. Rc1 Nf4 32. Nxf4 Rxf4 33. Re1 Kf8
34. Kb3 Rfc4 35. Re4 Rxc2 36. Rxb4 Rf2 37. a4 Rf1 38. a5 Ra1 39. Rb5 Rb1+ 40.
Ka4 Rc4+ 1-0

[Event "Mittelfrankenliga 05/06 (B2b)"]
[Site "Mfr.2005/06-R1"]
[Date "2005.10.16"]
[Round "1.8"]
[White "Lamprecht, Friedrich"]
[Black "Sandner, Andreas"]
[Result "1-0"]
[WhiteElo "1767"]
[BlackElo "1596"]
[Annotator "Postbauer2-Bechhofen1"]
[PlyCount "69"]
[EventDate "2005.10.16"]
[SourceDate "2005.10.17"]

1. Nf3 Nf6 2. d4 d5 3. e3 e6 4. Nbd2 Bd6 5. Bd3 Nbd7 6. c3 c5 7. O-O O-O 8. Re1
e5 9. dxe5 Nxe5 10. Nxe5 Bxe5 11. Nf3 Bc7 12. Qc2 Bg4 13. Be2 Qd6 14. g3 Rad8
15. Rd1 Ne4 16. c4 Qf6 17. Kg2 Ng5 18. Nxg5 Qxg5 19. Bxg4 Qxg4 20. cxd5 b6 21.
f3 Qh5 22. Qc4 Rd6 23. e4 g5 24. Rh1 Bd8 25. Bd2 Bf6 26. Bc3 Bxc3 27. bxc3 f6
28. h4 g4 29. f4 Re8 30. Rhe1 Qg6 31. Qd3 h5 32. c4 Re7 33. Rad1 Kg7 34. e5
Qxd3 35. Rxd3 1-0

[Event "Mittelfrankenliga 05/06 (B2b)"]
[Site "Mfr.2005/06-R1"]
[Date "2005.10.16"]
[Round "1.1"]
[White "Schulze, Hubertus"]
[Black "Wittmann, Helmut"]
[Result "0-1"]
[WhiteElo "2056"]
[BlackElo "2111"]
[Annotator "BSGW Erlangen1-NTNbg4"]
[PlyCount "62"]
[EventDate "2005.10.16"]
[SourceDate "2005.10.17"]

1. d4 e6 2. c4 f5 3. g3 Bb4+ 4. Nd2 Nf6 5. Bg2 c5 6. Ngf3 cxd4 7. Nxd4 Nc6 8.
Nxc6 bxc6 9. O-O O-O 10. a3 Be7 11. b4 d5 12. Nb3 Ne4 13. cxd5 Bf6 14. Nd4 Nc3
15. Qd3 Bxd4 16. Bb2 Qf6 17. Bxc3 Bxc3 18. Rac1 Be5 19. Rxc6 Bd7 20. Ra6 Rad8
21. Rd1 f4 22. Qe4 Bb5 23. Rxe6 Qxe6 24. dxe6 Rxd1+ 25. Bf1 f3 26. e7 fxe2 27.
exf8=Q+ Kxf8 28. Qa8+ Ke7 29. Qxa7+ Bd7 30. Qc5+ Kf6 31. Qb6+ Be6 0-1

[Event "Mittelfrankenliga 05/06 (B2b)"]
[Site "Mfr.2005/06-R1"]
[Date "2005.10.16"]
[Round "1.2"]
[White "Lange, Carsten[65]"]
[Black "Ackermann, Robert"]
[Result "0-1"]
[WhiteElo "1957"]
[BlackElo "1983"]
[Annotator "BSGW Erlangen1-NTNbg4"]
[PlyCount "41"]
[EventDate "2005.10.16"]
[SourceDate "2005.10.17"]

1. Nf3 b5 2. e3 a6 3. d4 d5 4. a4 bxa4 5. Rxa4 Nf6 6. b4 c6 7. Bd3 e6 8. Bd2
Bd6 9. Na3 Nbd7 10. c4 Nb6 11. Ra5 Bc7 12. cxd5 cxd5 13. Ne5 Nfd7 14. Nc6 Qg5
15. O-O Bb7 16. e4 Bxh2+ 17. Kh1 Qh4 18. Bg5 Qxg5 19. f4 Bxf4 20. exd5 Qh4+ 21.
Kg1 0-1

[Event "Mittelfrankenliga 05/06 (B2b)"]
[Site "Mfr.2005/06-R1"]
[Date "2005.10.16"]
[Round "1.3"]
[White "Pranschke, Gerd"]
[Black "Bous, Florian"]
[Result "0-1"]
[WhiteElo "1963"]
[BlackElo "1943"]
[Annotator "BSGW Erlangen1-NTNbg4"]
[PlyCount "53"]
[EventDate "2005.10.16"]
[SourceDate "2005.10.17"]

1. e4 e5 2. Nf3 Nf6 3. Nxe5 d6 4. Nf3 Nxe4 5. d4 d5 6. Bd3 Nc6 7. O-O Be7 8.
Re1 Bg4 9. Be3 O-O 10. h3 Bh5 11. c4 Ng5 12. Be2 Nxf3+ 13. gxf3 dxc4 14. Nc3
Qd7 15. Kh2 Rad8 16. d5 Ne5 17. f4 Bxe2 18. Qxe2 Nd3 19. Rg1 Bd6 20. Qd2 Qf5
21. Kg3 Bb4 22. Kh2 f6 23. Rg3 Rf7 24. Rag1 Rxd5 25. Rxg7+ Rxg7 26. Rxg7+ Kxg7
27. Nxd5 0-1

[Event "Mittelfrankenliga 05/06 (B2b)"]
[Site "Mfr.2005/06-R1"]
[Date "2005.10.16"]
[Round "1.4"]
[White "Schulz, Wilfried[48]"]
[Black "Horstmann, Astrid"]
[Result "1-0"]
[WhiteElo "1918"]
[BlackElo "1710"]
[Annotator "BSGW Erlangen1-NTNbg4"]
[PlyCount "51"]
[EventDate "2005.10.16"]
[SourceDate "2005.10.17"]

1. e4 c5 2. c3 e5 3. Nf3 Nc6 4. Bb5 Qc7 5. O-O g6 6. d4 exd4 7. cxd4 cxd4 8.
Bxc6 dxc6 9. Qxd4 f6 10. Nc3 Bg7 11. Re1 Ne7 12. Qc4 Qd6 13. Be3 Be6 14. Qe2
O-O 15. Rad1 Qc7 16. Bc5 Rad8 17. e5 Rxd1 18. Rxd1 Bg4 19. Qc4+ Nd5 20. Qxg4
Nxc3 21. bxc3 Rd8 22. Qe6+ Kh8 23. Rxd8+ Qxd8 24. Qd6 Qxd6 25. exd6 f5 26. Bd4
1-0

[Event "Mittelfrankenliga 05/06 (B2b)"]
[Site "Mfr.2005/06-R1"]
[Date "2005.10.16"]
[Round "1.5"]
[White "Kelm, Klaus"]
[Black "Reinders, Rudolf"]
[Result "1-0"]
[WhiteElo "1881"]
[BlackElo "1902"]
[Annotator "BSGW Erlangen1-NTNbg4"]
[PlyCount "89"]
[EventDate "2005.10.16"]
[SourceDate "2005.10.17"]

1. Nf3 Nf6 2. c4 e6 3. g3 Be7 4. Bg2 c5 5. O-O Nc6 6. b3 d6 7. Bb2 Qc7 8. Nc3
a6 9. d4 cxd4 10. Nxd4 Rb8 11. Rc1 O-O 12. e4 Nxd4 13. Qxd4 Qc5 14. Qxc5 dxc5
15. e5 Ng4 16. Ne4 b6 17. h3 Nh6 18. g4 Bb7 19. f4 Rfd8 20. Rcd1 Kf8 21. Bc3 b5
22. Ba5 Rd4 23. Nd6 Bxg2 24. Kxg2 Bxd6 25. exd6 Ke8 26. Rxd4 cxd4 27. Bc7 Rc8
28. c5 Kd7 29. Rd1 e5 30. fxe5 f6 31. exf6 gxf6 32. Rxd4 Nf7 33. b4 Re8 34. Rf4
Re2+ 35. Rf2 Re6 36. a4 Ng5 37. axb5 axb5 38. Rc2 Kc6 39. Ra2 Kb7 40. Bb6 Kc6
41. Ra7 Re2+ 42. Kf1 Rd2 43. Rc7+ Kd5 44. d7 Ke4 45. d8=Q 1-0

[Event "Mittelfrankenliga 05/06 (B2b)"]
[Site "Mfr.2005/06-R1"]
[Date "2005.10.16"]
[Round "1.6"]
[White "Schiller, Angel"]
[Black "Suess, Helmut"]
[Result "1/2-1/2"]
[WhiteElo "1780"]
[BlackElo "1812"]
[Annotator "BSGW Erlangen1-NTNbg4"]
[PlyCount "161"]
[EventDate "2005.10.16"]
[SourceDate "2005.10.17"]

1. e4 c5 2. Nf3 e6 3. g3 b6 4. Bg2 Bb7 5. d3 d6 6. O-O Nf6 7. Re1 Nbd7 8. a4
Be7 9. Nbd2 Qc7 10. Nc4 O-O 11. Bf4 e5 12. Bg5 h6 13. Bd2 a5 14. Nh4 Rfe8 15.
Nf5 Bf8 16. g4 d5 17. exd5 Bxd5 18. Nce3 Bxg2 19. Nxg2 Qc6 20. h4 Nd5 21. g5
hxg5 22. hxg5 Ne7 23. Ng3 g6 24. Qg4 Nd5 25. Nh4 Qe6 26. Qxe6 Rxe6 27. c3 Rae8
28. Ne4 Be7 29. Ng2 Kg7 30. Rad1 Rc8 31. b3 Bd8 32. c4 Nb4 33. Bc3 Nc2 34. Re2
Nd4 35. Bxd4 cxd4 36. f4 Nc5 37. fxe5 Rxe5 38. Ng3 Rxe2 39. Nxe2 Ne6 40. Kf2
Bxg5 41. Kf3 Rd8 42. Ngf4 Nxf4 43. Nxf4 Bxf4 44. Kxf4 Re8 45. b4 axb4 46. Rb1
Re3 47. Rxb4 Rxd3 48. Rxb6 Ra3 49. Rb4 Kf6 50. c5 Rc3 51. Rb5 Ke6 52. Ke4 d3
53. Ke3 Kd5 54. Rb7 Ke6 55. Rb6+ Ke5 56. c6 Kd6 57. Rb7 Rxc6 58. Rxf7 Ke6 59.
Rf8 Rd6 60. Kd2 g5 61. a5 Ke5 62. Ra8 Kf4 63. a6 Kg4 64. a7 Rd7 65. Rf8 Rxa7
66. Kxd3 Re7 67. Rf1 Kh3 68. Rf8 g4 69. Rh8+ Kg2 70. Rg8 g3 71. Kd2 Kf2 72.
Rf8+ Kg1 73. Rg8 g2 74. Rg6 Rh7 75. Ke1 Kh2 76. Kf2 Rf7+ 77. Ke2 g1=Q 78. Rh6+
Kg2 79. Rg6+ Kh2 80. Rh6+ Kg3 81. Rg6+ 1/2-1/2

[Event "Mittelfrankenliga 05/06 (B2b)"]
[Site "Mfr.2005/06-R1"]
[Date "2005.10.16"]
[Round "1.7"]
[White "Zippel, Harald"]
[Black "Reincke, Peter Uwe"]
[Result "0-1"]
[WhiteElo "1790"]
[BlackElo "1759"]
[Annotator "BSGW Erlangen1-NTNbg4"]
[PlyCount "50"]
[EventDate "2005.10.16"]
[SourceDate "2005.10.17"]

1. e4 g6 2. d4 Bg7 3. f4 e6 4. Nf3 Ne7 5. Bd3 c5 6. c3 cxd4 7. Nxd4 Nbc6 8. Nb5
d5 9. e5 O-O 10. Be3 f6 11. exf6 Bxf6 12. Nd2 d4 13. cxd4 Nxd4 14. Qa4 Nf3+ 15.
Ke2 Nxd2 16. Bxd2 Bxb2 17. Rab1 Bg7 18. Rhd1 Nd5 19. g3 Qe7 20. Qb3 Bd7 21. Nc3
Bc6 22. Re1 Rad8 23. Nxd5 exd5+ 24. Kd1 Qd7 25. Be3 Ba4 0-1

[Event "Mittelfrankenliga 05/06 (B2b)"]
[Site "Mfr.2005/06-R1"]
[Date "2005.10.16"]
[Round "1.8"]
[White "Neukum, Norbert"]
[Black "Blank, Helmut"]
[Result "0-1"]
[WhiteElo "1710"]
[BlackElo "1969"]
[Annotator "BSGW Erlangen1-NTNbg4"]
[PlyCount "70"]
[EventDate "2005.10.16"]
[SourceDate "2005.10.17"]

1. Nf3 d5 2. d3 Nf6 3. g3 c6 4. Bg2 h6 5. O-O Bf5 6. Nbd2 e6 7. b3 Nbd7 8. Bb2
Bd6 9. e4 Bg4 10. Qe1 dxe4 11. dxe4 Be7 12. e5 Nd5 13. c4 Nb4 14. Qe2 Bf5 15.
Ne4 Bxe4 16. Qxe4 Qc7 17. a3 Na6 18. b4 O-O-O 19. Rfd1 Nb6 20. b5 Nc5 21. Qe3
Nxc4 22. Qe2 Rxd1+ 23. Rxd1 cxb5 24. Bd4 Kb8 25. Qa2 Rd8 26. Rb1 a6 27. Bf1 Na4
28. Rc1 Bc5 29. Bxc5 Qxc5 30. Bxc4 Nb6 31. Rc2 Nxc4 32. a4 Rd1+ 33. Kg2 Qd5 34.
axb5 axb5 35. Re2 Rd3 0-1

[Event "Mittelfrankenliga 05/06 (B2b)"]
[Site "Mfr.2005/06-R1"]
[Date "2005.10.16"]
[Round "1.1"]
[White "Diehl, Achim"]
[Black "Hetzner, Helmut"]
[Result "1-0"]
[WhiteElo "1956"]
[BlackElo "1934"]
[Annotator "SK Schwabach2-SWNbg3"]
[PlyCount "82"]
[EventDate "2005.10.16"]
[SourceDate "2005.10.17"]

1. d4 Nf6 2. Nf3 e6 3. e3 c5 4. Bd3 Nc6 5. c3 d5 6. Nbd2 Qc7 7. Qe2 Bd7 8. O-O
a6 9. Re1 Be7 10. e4 dxe4 11. Nxe4 cxd4 12. Nxf6+ Bxf6 13. c4 Rc8 14. Bg5 Bxg5
15. Nxg5 Qf4 16. Qh5 h6 17. Nxe6 Bxe6 18. Rxe6+ Kf8 19. Qc5+ Kg8 20. Re2 g6 21.
Rae1 Kg7 22. g3 Qg5 23. Qb6 h5 24. h4 Qa5 25. Qb3 Rc7 26. a3 Qc5 27. Qd1 a5 28.
Re4 Rd8 29. Qf3 Rdd7 30. Kf1 Re7 31. Qf4 f6 32. Re6 Rf7 33. Rxf6 Rxf6 34. Qxc7+
Rf7 35. Qc8 Qd6 36. Re6 Ne7 37. Rxd6 Nxc8 38. Rxg6+ Kf8 39. Rh6 Rc7 40. Rh8+
Ke7 41. Rxh5 Nb6 1-0

[Event "Mittelfrankenliga 05/06 (B2b)"]
[Site "Mfr.2005/06-R1"]
[Date "2005.10.16"]
[Round "1.2"]
[White "Greul, Hans"]
[Black "Werner, Thomas[65]"]
[Result "0-1"]
[WhiteElo "2029"]
[BlackElo "1843"]
[Annotator "SK Schwabach2-SWNbg3"]
[PlyCount "102"]
[EventDate "2005.10.16"]
[SourceDate "2005.10.17"]

1. d4 d5 2. Nf3 Nf6 3. e3 c6 4. c4 e6 5. Bd3 Nbd7 6. O-O dxc4 7. Bxc4 b5 8. Bd3
a6 9. Qc2 c5 10. Rd1 Bb7 11. Nbd2 Rc8 12. Qb1 Bd6 13. b3 cxd4 14. Nxd4 O-O 15.
a4 b4 16. Nc4 Bc7 17. Bd2 Qe7 18. Qa2 Bxh2+ 19. Kxh2 Ng4+ 20. Kg3 Nde5 21.
Bxh7+ Kxh7 22. Rh1+ Kg8 23. f4 Nxc4 24. bxc4 Nf6 25. Kh2 Qc5 26. Rac1 a5 27.
Qc2 Be4 28. Qd1 Rfd8 29. Qe2 Qh5+ 30. Qxh5 Nxh5 31. Rhd1 Bc6 32. Ra1 Nf6 33.
Bc1 Be8 34. Kg3 Rxc4 35. Rh1 Ne4+ 36. Kf3 Nc5 37. Rh5 f5 38. Rg5 Kf7 39. Nb5
Nd3 40. Bd2 Bc6+ 41. Ke2 Nc5 42. Nd4 Ne4 43. Rxg7+ Kxg7 44. Nxe6+ Kf6 45. Nxd8
Bd5 46. Be1 Ke7 47. Bh4+ Ke8 48. Kd3 b3 49. g4 Nc5+ 50. Kd2 Rc2+ 51. Kd1 Nd3
0-1

[Event "Mittelfrankenliga 05/06 (B2b)"]
[Site "Mfr.2005/06-R1"]
[Date "2005.10.16"]
[Round "1.4"]
[White "Hoerath, Michael"]
[Black "Fuchs, Johann,Dr."]
[Result "1/2-1/2"]
[WhiteElo "1781"]
[BlackElo "1960"]
[Annotator "SK Schwabach2-SWNbg3"]
[PlyCount "94"]
[EventDate "2005.10.16"]
[SourceDate "2005.10.17"]

1. d4 Nf6 2. c4 g6 3. Nf3 Bg7 4. Nc3 d5 5. Qb3 c6 6. Bf4 O-O 7. e3 Qa5 8. Bd3
Nbd7 9. O-O Qb6 10. Qc2 dxc4 11. Bxc4 Nh5 12. Bg5 Qb4 13. Bb3 e5 14. Rfd1 exd4
15. Nxd4 Nc5 16. a3 Qa5 17. Ba2 Ne6 18. Be7 Nxd4 19. exd4 Re8 20. Bd6 Be6 21.
b4 Qg5 22. Qd2 Qxd2 23. Rxd2 Rad8 24. Bg3 Bxa2 25. Nxa2 Nxg3 26. hxg3 Bxd4 27.
Rad1 Bf6 28. Kf1 h5 29. Rd7 Kg7 30. R1d3 Rxd7 31. Rxd7 Rd8 32. Rxd8 Bxd8 33.
Nc3 f5 34. b5 Kf6 35. bxc6 bxc6 36. Ke2 Ke5 37. Kd3 Ba5 38. Ne2 Bb6 39. f3 g5
40. Nc3 Bc5 41. a4 Bb4 42. Ne2 Kd5 43. Nd4 f4 44. gxf4 gxf4 45. Ne2 Bd6 46.
Nc3+ Ke5 47. Ne4 Kd5 1/2-1/2

[Event "Mittelfrankenliga 05/06 (B2b)"]
[Site "Mfr.2005/06-R1"]
[Date "2005.10.16"]
[Round "1.6"]
[White "Ullrich, Gerhard[31]"]
[Black "Billmann, Andreas"]
[Result "1/2-1/2"]
[WhiteElo "1700"]
[BlackElo "1872"]
[Annotator "SK Schwabach2-SWNbg3"]
[PlyCount "59"]
[EventDate "2005.10.16"]
[SourceDate "2005.10.17"]

1. d4 f5 2. e4 fxe4 3. Nc3 Nf6 4. Bg5 e6 5. Nxe4 Be7 6. Bxf6 Bxf6 7. Nf3 O-O 8.
Bd3 Nc6 9. c3 d5 10. Ned2 Qd6 11. O-O e5 12. dxe5 Nxe5 13. Be2 Ng6 14. g3 Bh3
15. Re1 Rad8 16. Bf1 Bg4 17. Bg2 Bg5 18. Qa4 Bd7 19. Qb3 Bxd2 20. Nxd2 Kh8 21.
Nf3 Bg4 22. Re3 Bxf3 23. Bxf3 Ne5 24. Bg2 Ng4 25. Re2 Qc5 26. Rf1 b6 27. Qa4
Nf6 28. Qc2 a5 29. Qd3 Rde8 30. Rfe1 1/2-1/2

[Event "Mittelfrankenliga 05/06 (B2b)"]
[Site "Mfr.2005/06-R1"]
[Date "2005.10.16"]
[Round "1.7"]
[White "Hintyes, Helmuth"]
[Black "Uhlendorff, Daniel"]
[Result "0-1"]
[WhiteElo "1823"]
[BlackElo "1697"]
[Annotator "SK Schwabach2-SWNbg3"]
[PlyCount "95"]
[EventDate "2005.10.16"]
[SourceDate "2005.10.17"]

1. c4 e5 2. e3 c6 3. d4 exd4 4. exd4 d5 5. Nc3 Nf6 6. Bg5 Be7 7. Bd3 Be6 8. c5
Nbd7 9. Nf3 Bg4 10. h3 Bh5 11. O-O O-O 12. Re1 Re8 13. g4 Bg6 14. Bxg6 hxg6 15.
Re3 Ne4 16. Nxe4 dxe4 17. Rxe4 Bxg5 18. Rxe8+ Qxe8 19. Nxg5 Qe7 20. Qd2 Re8 21.
Kf1 Qf6 22. Re1 Rd8 23. Qe3 Nf8 24. Rd1 Rd5 25. Ne4 Qd8 26. Nc3 Rd7 27. Qe4 Ne6
28. b4 Rxd4 29. Rxd4 Qxd4 30. Qxd4 Nxd4 31. a4 a6 32. Kg2 Kf8 33. Kg3 Ke7 34.
Kf4 Ne6+ 35. Ke3 a5 36. b5 cxb5 37. c6 bxc6 38. axb5 cxb5 39. Nxb5 Kd7 40. f4
Kc6 41. Nc3 Nc5 42. Kd4 a4 43. h4 Ne6+ 44. Ke5 a3 45. f5 gxf5 46. gxf5 Nc7 47.
h5 f6+ 48. Kf4 0-1

[Event "Mittelfrankenliga 05/06 (B2b)"]
[Site "Mfr.2005/06-R1"]
[Date "2005.10.16"]
[Round "1.8"]
[White "Kuth, Hans"]
[Black "Roth, Hans"]
[Result "0-1"]
[WhiteElo "1658"]
[BlackElo "1753"]
[Annotator "SK Schwabach2-SWNbg3"]
[PlyCount "78"]
[EventDate "2005.10.16"]
[SourceDate "2005.10.17"]

1. e4 e5 2. Nc3 Nc6 3. d3 Nf6 4. Be3 d5 5. exd5 Nxd5 6. Nxd5 Qxd5 7. Qf3 Qd6 8.
a3 Be7 9. Qg3 Bf6 10. Be2 Bd7 11. Nf3 Ne7 12. Bg5 Nf5 13. Bxf6 Nxg3 14. Bxe5
Qb6 15. hxg3 f6 16. Bc3 O-O-O 17. Rh4 Rhe8 18. Kf1 Qe6 19. Nd4 Qf7 20. Nb3 Bc6
21. Rf4 Bxg2+ 22. Kxg2 Rxe2 23. Nd4 Qd5+ 24. Kg1 Re5 25. Nb3 Rh5 26. f3 Rf5 27.
Rxf5 Qxf5 28. Kg2 Re8 29. Nd4 Qd5 30. Kf2 Qh5 31. Re1 Rxe1 32. Bxe1 Qh2+ 33.
Ke3 c5 34. Ne2 Kd7 35. b4 Qh5 36. Bc3 Qd5 37. Nc1 Qg5+ 38. f4 Qxg3+ 39. Ke4
Qg2+ 0-1

[Event "Mittelfrankenliga 05/06 (B1)"]
[Site "Mfr.2005/06-R2"]
[Date "2005.11.20"]
[Round "2.1"]
[White "Herning, Jens"]
[Black "Trefny, Vlastimil"]
[Result "0-1"]
[WhiteElo "2026"]
[BlackElo "2203"]
[Annotator "SG/TB Erlangen1-Büchenbach/Rh.1"]
[PlyCount "116"]
[EventDate "2005.11.20"]
[SourceDate "2005.10.17"]

1. d4 d5 2. c4 c6 3. Nf3 Nf6 4. Nc3 e6 5. e3 Nbd7 6. Qc2 Be7 7. Be2 O-O 8. O-O
b6 9. e4 dxe4 10. Nxe4 c5 11. Rd1 cxd4 12. Nxd4 Qc7 13. Nb5 Qb8 14. Ned6 a6 15.
Nxc8 Rxc8 16. Nc3 b5 17. cxb5 axb5 18. Qb3 b4 19. Nb5 Nc5 20. Qf3 Ra5 21. Nd4
Qb6 22. a3 Nce4 23. Be3 bxa3 24. bxa3 Bxa3 25. Rdb1 Bb2 26. Rxa5 Qxa5 27. Bd3
Bxd4 28. Bxd4 Qd5 29. Bxf6 Nxf6 30. Qg3 e5 31. h3 g6 32. Ba6 Rc2 33. Qa3 Kg7
34. Rb8 Nd7 35. Rd8 Qd4 36. Qf3 e4 37. Qf4 Qa1+ 38. Kh2 Qe5 39. Qxe5+ Nxe5 40.
Kg3 g5 41. Re8 Kf6 42. Bb7 h5 43. Bxe4 h4+ 44. Kh2 Rxf2 45. Kg1 Re2 46. Bc6 Kf5
47. Kf1 Rb2 48. Bd5 Kf4 49. Re7 f6 50. Re6 f5 51. Rf6 Ke3 52. Kg1 Rb1+ 53. Kh2
g4 54. g3 Rb2+ 55. Kg1 hxg3 56. hxg4 f4 57. Rf5 f3 58. Rxe5+ Kd4 0-1

[Event "Mittelfrankenliga 05/06 (B1)"]
[Site "Mfr.2005/06-R2"]
[Date "2005.11.20"]
[Round "2.2"]
[White "Goetz, Andreas[66]"]
[Black "Adler, Herbert"]
[Result "1-0"]
[WhiteElo "2144"]
[BlackElo "2009"]
[Annotator "SG/TB Erlangen1-Büchenbach/Rh.1"]
[PlyCount "77"]
[EventDate "2005.11.20"]
[SourceDate "2005.10.17"]

1. c4 Nf6 2. Nc3 g6 3. b3 Bg7 4. Bb2 d6 5. e3 e5 6. Be2 O-O 7. Nf3 Nc6 8. O-O
Nd7 9. d4 exd4 10. exd4 Re8 11. h3 Nf6 12. d5 Nb4 13. a3 Na6 14. Rc1 Nc5 15. b4
Nce4 16. Bd3 Bf5 17. Nxe4 Bxe4 18. Re1 Bxd3 19. Qxd3 Qd7 20. Nd2 Rxe1+ 21. Rxe1
Re8 22. Rxe8+ Qxe8 23. Kf1 Qe7 24. Bd4 a6 25. a4 Bh6 26. Nb3 Ne8 27. Na5 Qd7
28. b5 axb5 29. axb5 Qc8 30. Qe4 Kf8 31. Bc3 Bg7 32. Bd2 Qa8 33. g4 Nf6 34. Qe3
h5 35. gxh5 Nxh5 36. c5 Be5 37. cxd6 Bf4 38. Qe7+ Kg8 39. d7 1-0

[Event "Mittelfrankenliga 05/06 (B1)"]
[Site "Mfr.2005/06-R2"]
[Date "2005.11.20"]
[Round "2.3"]
[White "Haeckler, Daniel"]
[Black "Liepold, Stefan"]
[Result "1/2-1/2"]
[WhiteElo "2054"]
[BlackElo "2213"]
[Annotator "SG/TB Erlangen1-Büchenbach/Rh.1"]
[PlyCount "45"]
[EventDate "2005.11.20"]
[SourceDate "2005.10.17"]

1. e4 e6 2. d4 d5 3. Nd2 a6 4. Ngf3 c5 5. exd5 exd5 6. dxc5 Bxc5 7. Nb3 Ba7 8.
Bg5 Nf6 9. Bd3 Qe7+ 10. Qe2 Qxe2+ 11. Bxe2 Ne4 12. Bh4 Nc6 13. O-O Be6 14. Rad1
Rc8 15. c3 O-O 16. Rfe1 h6 17. Nfd4 Nxd4 18. Nxd4 g5 19. Bg3 Nxg3 20. hxg3 Kg7
21. Rd2 Kf6 22. Bf3 Rfd8 23. Red1 1/2-1/2

[Event "Mittelfrankenliga 05/06 (B1)"]
[Site "Mfr.2005/06-R2"]
[Date "2005.11.20"]
[Round "2.4"]
[White "Martin Fernandez, Rodrigo"]
[Black "Kirch, Dietmar"]
[Result "1/2-1/2"]
[WhiteElo "2079"]
[BlackElo "2035"]
[Annotator "SG/TB Erlangen1-Büchenbach/Rh.1"]
[PlyCount "92"]
[EventDate "2005.11.20"]
[SourceDate "2005.10.17"]

1. d4 d5 2. c4 e6 3. Nc3 Nf6 4. Bg5 Be7 5. e3 O-O 6. Nf3 Nbd7 7. cxd5 exd5 8.
Bd3 c6 9. Qc2 Re8 10. O-O Nf8 11. Rab1 Ng6 12. Rfc1 Bd6 13. h3 h6 14. Bxf6 Qxf6
15. Qd1 Nh4 16. Nxh4 Qxh4 17. Qf3 g5 18. Bf5 Bxf5 19. Qxf5 Re6 20. Qg4 Rf8 21.
Qxh4 gxh4 22. Re1 f5 23. f4 Rf7 24. Kf2 Bb4 25. Re2 Rg7 26. Rc1 Reg6 27. Kf1
Rg3 28. Nd1 a6 29. Rcc2 Kh7 30. b3 Re7 31. Kf2 Reg7 32. Kf1 Re7 33. Rf2 Bd6 34.
Rf3 Rxf3+ 35. gxf3 Rg7 36. Rg2 Rxg2 37. Kxg2 Kg6 38. Kf2 Ba3 39. Ke2 Kf6 40.
Nf2 Bd6 41. Nd3 b6 42. Ne5 Bxe5 43. fxe5+ Ke6 44. Kd3 b5 45. e4 f4 46. a4 b4
1/2-1/2